00807cam a22002411a 4500001001300000003000400013005001700017008004100034010001700075035002000092040004800112042001200160050002700172051001500199100003700214245007100251260003300322300002500355490007900380650002300459830006600482999001700548e 23000324 DLC20260227111215.0860528s1923 dcu f000 0 eng c ae 23000324  a(OCoLC)13653627 aU.S. Off. of Educ. LibrarycABAUdABAUdDLC apremarc00aL111b.A6 1923, no. 37 aLA622b.W31 aWashburne, Carleton,d1889-1968.10aProgressive tendencies in European education /cby C.W. Washburne. aWashington :bG.P.O.,c1923. aiii, 31 p. ;c23 cm.1 aBulletin / Department of the Interior, Bureau of Education ;v1923, no. 37 0aEducationzEurope. 0aBulletin (United States. Bureau of Education) ;v1923, no. 37 c20658d20658